Euro Area Policies : 2008 Article IV Consultation; Staff Report; Staff Supplement; Public Information Notice on the Executive Board Discussion; and Statement by the Executive Director for Member Countries.

This 2008 Article IV Consultation on euro area policies highlights that 10 years after its launch, monetary union is a distinct success and the euro area a zone of stability in the international economy. However, economic union remains work in progress. Improved wage setting and labor market reforms...

Descripció completa

Dades bibliogràfiques
Autor corporatiu: International Monetary Fund
Format: Revista
Idioma:English
Publicat: Washington, D.C. : International Monetary Fund, 2008.
Col·lecció:IMF Staff Country Reports; Country Report ; No. 2008/262
Accés en línia:Full text available on IMF
LEADER 01792cas a2200241 a 4500
001 AALejournalIMF005281
008 230101c9999 xx r poo 0 0eng d
020 |c 5.00 USD 
020 |z 9781451813081 
022 |a 1934-7685 
040 |a BD-DhAAL  |c BD-DhAAL 
110 2 |a International Monetary Fund. 
245 1 0 |a Euro Area Policies :   |b 2008 Article IV Consultation; Staff Report; Staff Supplement; Public Information Notice on the Executive Board Discussion; and Statement by the Executive Director for Member Countries. 
264 1 |a Washington, D.C. :  |b International Monetary Fund,  |c 2008. 
300 |a 1 online resource (62 pages) 
490 1 |a IMF Staff Country Reports 
500 |a <strong>Off-Campus Access:</strong> No User ID or Password Required 
500 |a <strong>On-Campus Access:</strong> No User ID or Password Required 
506 |a Electronic access restricted to authorized BRAC University faculty, staff and students 
520 3 |a This 2008 Article IV Consultation on euro area policies highlights that 10 years after its launch, monetary union is a distinct success and the euro area a zone of stability in the international economy. However, economic union remains work in progress. Improved wage setting and labor market reforms have contributed to the creation of some 16 million jobs over the past decade. Similarly, the single market program and product market reforms have raised productivity in affected sectors. The outlook for financial stability is highly uncertain, although the area's financial system remains sound. 
538 |a Mode of access: Internet 
830 0 |a IMF Staff Country Reports; Country Report ;  |v No. 2008/262 
856 4 0 |z Full text available on IMF  |u http://elibrary.imf.org/view/journals/002/2008/262/002.2008.issue-262-en.xml  |z IMF e-Library